MARC details
| 000 -LEADER |
| fixed length control field |
01082cab a2200193 4500 |
| 001 - CONTROL NUMBER |
| control field |
##L134125 |
| 008 - FIXED-LENGTH DATA ELEMENTS--GENERAL INFORMATION |
| fixed length control field |
060613n2006 000 0 eng u |
| 035 ## - SYSTEM CONTROL NUMBER |
| System control number |
(Sirsi) u134125 |
| 041 0# - LANGUAGE CODE |
| Language code of text/sound track or separate title |
eng |
| 245 00 - TITLE STATEMENT |
| Title |
EG data |
| Remainder of title |
JLL monthly prime yields |
| 260 ## - PUBLICATION, DISTRIBUTION, ETC. |
| Date of publication, distribution, etc. |
2006 |
| 490 #0 - SERIES STATEMENT |
| Series statement |
Estates Gazette |
| Volume/sequential designation |
(0627) 8 July 2006, 48(1) |
| 520 ## - SUMMARY, ETC. |
| Summary, etc. |
Details the latest UK prime yields for the retail, office and industrial sectors. The yields are generated by Jones Lang LaSalle (JLL) and are based on evidence derived from the latest deals by JLL and other agents. June saw record lows as demand pressure continues. The prime all property yield stands at 4.61%. The yield on regionally dominant shopping centres made its first downward movement in 12 months; but prime office yields held firm. Industrial yields are being tested and falls are likely before the end of the year. Tables and graphs. |
| 590 ## - LOCAL NOTE (RLIN) |
| Local note |
IKA180706 |
| 650 24 - SUBJECT ADDED ENTRY--TOPICAL TERM |
| Topical term or geographic name entry element |
JLL MONTHLY PRIME YIELDS |
| 651 #4 - SUBJECT ADDED ENTRY--GEOGRAPHIC NAME |
| Geographic name |
United Kingdom |
| Chronological subdivision |
|
| 690 ## - LOCAL SUBJECT ADDED ENTRY--TOPICAL TERM (OCLC, RLIN) |
| Topical term or geographic name as entry element |
PROPERTY-COMMERCIAL PROPERTY-COMMERCIAL PROPERTY FINANCE AND INVESTMENT |
| 942 ## - ADDED ENTRY ELEMENTS (KOHA) |
| Suppress in OPAC |
0 |